=LDR 00000nam 2200000 4500 =001 INLIS000000000047041 =005 20150703091227.0 =006 =007 =008 =020 ##$$a 978.979.008-631-9 =035 ##$$0010-071500000000011 =040 ##$$a NBPDMAT =082 ##$$a 025.84 =090 ##$$a 025.84 Mad p =100 ##$$a Made Ayu Wirayati =245 ##$$a Pedoman teknis pembasmian serangga dan biota di perpustakaan / Made Ayu Wirayati, Ellis Sekar Ayu, Aris Riyadi =260 ##$$a Jakarta $b Perpustakaan Nasional RI $c 2013 =300 ##$$a viii, 110 hlm. : ilus. ; 25 cm =500 ##$$a Bibliografi : hlm. 109 =650 ##$$a Bahan Pustaka - Pemeliharaan dan Perbaikan - Buku Pedoman =700 ##$$a Ellis Sekar Ayu =700 ##$$a Aris Riyadi =850 ##$$a NBPDMAT =990 ##$$a 2090100926/BPAP-NTB/2015 =990 ##$$a 2090100927/BPAP-NTB/2015 =990 ##$$a 2090101058/BPAP-NTB/2015 =990 ##$$a 2090101059/BPAP-NTB/2015 =990 ##$$a 2090101058/BPAP-NTB/2015 =990 ##$$a 2090101058/BPAP-NTB/2015 =990 ##$$a 2090101060/BPAP-NTB/2015